التنفيذ الاداري / (Record no. 57345)
[ view plain ]
| 000 -LEADER | |
|---|---|
| fixed length control field | 01351nam a2200301 i 4500 |
| 003 - CONTROL NUMBER IDENTIFIER | |
| control field | EG-GICUC |
| 005 - DATE AND TIME OF LATEST TRANSACTION | |
| control field | 20260121101732.0 |
| 008 - FIXED-LENGTH DATA ELEMENTS--GENERAL INFORMATION | |
| fixed length control field | 260117s1958 ua ||||fr|||| 00| 0 ara d |
| 040 ## - CATALOGING SOURCE | |
| Original cataloging agency | EG-GICUC |
| Language of cataloging | ara |
| Transcribing agency | EG-GICUC |
| Modifying agency | EG-GICUC |
| Description conventions | rda |
| 041 0# - LANGUAGE CODE | |
| Language code of text/sound track or separate title | ara |
| 082 04 - DEWEY DECIMAL CLASSIFICATION NUMBER | |
| Edition number | 21 |
| Classification number | 345.66 |
| Item number | م ح . ت |
| 092 04 - LOCALLY ASSIGNED DEWEY CALL NUMBER (OCLC) | |
| Edition number | 21 |
| 099 ## - LOCAL FREE-TEXT CALL NUMBER (OCLC) | |
| Classification number | Law1 07 345.66 م ح . ت 1958 |
| 100 0# - MAIN ENTRY--PERSONAL NAME | |
| Personal name | محمد عبد المنعم عباس |
| Relator term | مؤلف. |
| 245 12 - TITLE STATEMENT | |
| Title | التنفيذ الاداري / |
| Statement of responsibility, etc. | محمد عبد المنعم عباس. |
| 264 #1 - PRODUCTION, PUBLICATION, DISTRIBUTION, MANUFACTURE, AND COPYRIGHT NOTICE | |
| Place of production, publication, distribution, manufacture | القاهرة : |
| Name of producer, publisher, distributor, manufacturer | شركة النشر المصرية، |
| Date of production, publication, distribution, manufacture, or copyright notice | 1958. |
| 300 ## - PHYSICAL DESCRIPTION | |
| Extent | 304 ؛ صفحة |
| Dimensions | 24 سم. |
| 336 ## - CONTENT TYPE | |
| Source | rda content |
| Content type term | text |
| 337 ## - MEDIA TYPE | |
| Source | rda media |
| Media type term | Computer |
| 338 ## - CARRIER TYPE | |
| Source | rda carrier |
| Carrier type term | Online Resource |
| 500 ## - GENERAL NOTE | |
| General note | على المنقول لدى الممول ولدى الغير مع دراسة شاملة جامعة مبسطة لفكرة استحقاق الضريبة واقتضائها دفعة واحدة أو بالتقسيط أو عن طرق المقاصة او البيع مع بيان خصم تعجيل وفوائد تأخير الدفع |
| 546 ## - LANGUAGE NOTE | |
| Language note | النص باللغة العربية |
| 650 14 - SUBJECT ADDED ENTRY--TOPICAL TERM | |
| Topical term or geographic name entry element | نفاذ القرارات الإدارية |
| 650 14 - SUBJECT ADDED ENTRY--TOPICAL TERM | |
| Topical term or geographic name entry element | القانون الإداري |
| 856 40 - ELECTRONIC LOCATION AND ACCESS | |
| Uniform Resource Identifier | <a href="https://fll.law.cu.edu.eg/fulltext/bks/B07-02182.pdf">https://fll.law.cu.edu.eg/fulltext/bks/B07-02182.pdf</a> |
| 905 ## - Cataloger and Reviser Names | |
| Cataloger Name: | Roqaia Ahmed |
| 942 ## - ADDED ENTRY ELEMENTS (KOHA) | |
| Source of classification or shelving scheme | Dewey Decimal Classification |
| Koha item type | Books |
| Edition | 21 |
| Suppress in OPAC | No |
| Withdrawn status | Lost status | Source of classification or shelving scheme | Damaged status | Not for loan | Collection | Home library | Current library | Date acquired | Total checkouts | Full call number | Barcode | Date last seen | Copy number | Price effective from | Koha item type |
|---|---|---|---|---|---|---|---|---|---|---|---|---|---|---|---|
| Dewey Decimal Classification | يحتاج إلى ترميم | Not for loan | القانون الإداري | جــــامعة القــاهرة | مكتبة كلية الحقوق - المبنى الرئيسي | 17.01.2026 | Law1 07 345.66 م ح . ت 1958 0702182 C1 | B07-02182 | 17.01.2026 | 1 | 17.01.2026 | Books | |||
| Dewey Decimal Classification | القانون الإداري | جــــامعة القــاهرة | مكتبة كلية الحقوق - المبنى الرئيسي | 20.01.2026 | Law1 07 345.66 م ح . ت 1958 0702242 C2 | B07-02242 | 20.01.2026 | 2 | 20.01.2026 | Books | |||||
| Dewey Decimal Classification | القانون الإداري | جــــامعة القــاهرة | مكتبة كلية الحقوق - فـرع الشيخ زايد | 20.01.2026 | Law2 07 345.66 م ح . ت 1958 0702207 C3 | B07-02207 | 20.01.2026 | 3 | 20.01.2026 | Books |